[Event "4NCL Division One"]
[Site "Daventry, ENG"]
[Date "2024.05.05"]
[EventDate "2024.05.05"]
[Round "10.12"]
[White "Shirov, Alexei"]
[WhiteTitle "GM"]
[WhiteElo "2661"]
[WhiteTeam "Manx Liberty"]
[Black "Murphy, Conor E"]
[BlackTitle "IM"]
[BlackElo "2515"]
[BlackTeam "Wood Green"]
[Result "1/2-1/2"]

1. e4 e5 2. Nf3 Nc6 3. Bb5 a6 4. Ba4 Nf6 5. d3 b5 6. Bb3 Bc5 7. Nc3 h6 8. a4
Rb8 9. axb5 axb5 10. Be3 Bxe3 11. fxe3 d6 12. O-O Be6 13. Bxe6 fxe6 14. Ra6 Qd7
15. d4 O-O 16. d5 Ne7 17. dxe6 Qxe6 18. Qd3 b4 19. Na4 Kh7 20. Nc5 Qc8 21. Nb3
Ra8 22. Rxa8 Qxa8 23. Nfd2 Ng4 24. Rf3 Qe8 25. h3 Rxf3 26. gxf3 Nf6 27. Kh2 Qh5
28. Qf1 Ng6 29. Nc1 Nh4 30. Nd3 c5 31. Ne1 Qg5 32. Qg1 Qh5 33. Qf1 Qg5 34. Qg1
Qh5 1/2-1/2

[Event "4NCL Division One"]
[Site "Daventry, ENG"]
[Date "2024.05.05"]
[EventDate "2024.05.05"]
[Round "10.13"]
[White "Harvey, Marcus R"]
[WhiteTitle "IM"]
[WhiteElo "2576"]
[WhiteTeam "Wood Green"]
[Black "Svane, Rasmus"]
[BlackTitle "GM"]
[BlackElo "2627"]
[BlackTeam "Manx Liberty"]
[Result "1/2-1/2"]

1. c4 e6 2. Nc3 d5 3. d4 Nf6 4. cxd5 exd5 5. Bg5 c6 6. e3 h6 7. Bh4 Be7 8. Qc2
O-O 9. Bd3 Re8 10. Nf3 Ne4 11. Bxe4 Bxh4 12. Bh7+ Kh8 13. g3 Bf6 14. Bf5 g6 15.
Bxc8 Qxc8 16. O-O Bg7 17. Kg2 Nd7 18. Rfc1 Nb6 19. Rab1 Qe6 20. Nd2 Rac8 21.
Na4 Nxa4 22. Qxa4 a6 23. b4 f5 24. Re1 g5 25. Qc2 Qf7 26. Nf3 Qe6 27. a4 Qe4
28. Qxe4 fxe4 29. Nd2 Bf8 30. g4 Kg7 31. Nf1 Bd6 32. Rec1 Kg6 33. Ng3 Bxg3 34.
hxg3 Re6 35. Rc2 Rf8 36. Ra1 Ra8 37. Rb1 Rd6 38. Rc5 Rf6 39. Rb2 h5 40. gxh5+
Kxh5 41. Rc1 Kg6 42. Rh1 Rf7 43. g4 Rh7 44. Rxh7 Kxh7 45. Rb1 Kg6 46. Kg3 Kf6
47. a5 Rh8 48. Rf1 Ke6 49. Kg2 Rh4 50. Kg3 Rh8 51. f3 exf3 52. Rxf3 Rh1 53. Kg2
Rh4 54. Kg3 Rh1 55. Kg2 Rh4 56. Kg3 Rh1 57. Kg2 1/2-1/2

[Event "4NCL Division One"]
[Site "Daventry, ENG"]
[Date "2024.05.05"]
[EventDate "2024.05.05"]
[Round "10.14"]
[White "Svane, Frederik"]
[WhiteTitle "GM"]
[WhiteElo "2627"]
[WhiteTeam "Manx Liberty"]
[Black "Speelman, Jon S"]
[BlackTitle "GM"]
[BlackElo "2561"]
[BlackTeam "Wood Green"]
[Result "1-0"]

1. e4 c6 2. d4 d5 3. e5 Bf5 4. Nf3 e6 5. Be2 c5 6. Be3 cxd4 7. Nxd4 Ne7 8. O-O
Nbc6 9. Bb5 a6 10. Bxc6+ bxc6 11. c4 Qd7 12. Nc3 dxc4 13. Na4 Nd5 14. Nxf5 exf5
15. Qd4 Be7 16. Qxc4 O-O 17. Bc5 f4 18. Rfe1 f3 19. gxf3 Rab8 20. b3 Rb5 21.
Rac1 Re8 22. Qg4 Qxg4+ 23. fxg4 Nf4 24. Bxe7 Rxe7 25. Rxc6 h5 26. Rc4 g5 27. h4
Rbxe5 28. Rxe5 Rxe5 29. hxg5 Ne6 30. f4 1-0

[Event "4NCL Division One"]
[Site "Daventry, ENG"]
[Date "2024.05.05"]
[EventDate "2024.05.05"]
[Round "10.15"]
[White "Wadsworth, Matthew J"]
[WhiteTitle "IM"]
[WhiteElo "2522"]
[WhiteTeam "Wood Green"]
[Black "Parligras, Mircea-Emilian"]
[BlackTitle "GM"]
[BlackElo "2557"]
[BlackTeam "Manx Liberty"]
[Result "1/2-1/2"]

1. c4 e6 2. g3 d5 3. Bg2 dxc4 4. Qa4+ Nd7 5. Qxc4 a6 6. Qc2 Ngf6 7. Nf3 c5 8.
Nc3 Qc7 9. d4 b5 10. Bf4 Bd6 11. Bxd6 Qxd6 12. Ne4 Nxe4 13. Qxe4 Rb8 14. dxc5
Nxc5 15. Qe3 Bb7 16. O-O O-O 17. Rfd1 Qb6 18. Rac1 Rbc8 19. Ne5 Bxg2 20. Kxg2
a5 21. b3 f6 22. Nf3 Rc7 23. a3 b4 24. axb4 Qxb4 25. Rc4 Qb6 26. Rdc1 Rfc8 27.
h4 Qd6 28. h5 h6 29. Qc3 Qb6 30. Qe3 Qd6 31. Nd4 Na6 32. Rxc7 Rxc7 33. Ra1 Qd5+
34. Kg1 Kf7 35. Qd3 Nb4 36. Qg6+ Kf8 37. e3 Rc5 38. Qg4 Kf7 39. Rd1 Qxh5 40.
Qxe6+ Kg6 41. Qe4+ Kf7 42. Nf3 Rd5 43. Rc1 Rc5 44. Qb7+ Kg6 45. Nh4+ Kh7 46.
Rxc5 Qxc5 47. Qe4+ Kg8 48. Ng6 Kf7 49. Nh8+ Kg8 50. Ng6 Kf7 51. Nf4 Qc1+ 52.
Kh2 Qc6 53. Qg6+ Kf8 54. Qg4 Qc2 55. Qf3 Nc6 56. Kg2 Ne7 57. Ne6+ Kf7 58. Nd4
Qc5 59. Qb7 h5 60. Qd7 Qe5 61. Kg1 g5 62. Nc6 Qe4 63. Nd8+ Kf8 64. Ne6+ Kf7 65.
Nd8+ Kf8 66. Qd6 Qb1+ 67. Kh2 Qf5 68. Kg2 Qe4+ 69. Kg1 Qb1+ 70. Kh2 Qf5 71. Kg2
Qe4+ 72. Kg1 1/2-1/2

[Event "4NCL Division One"]
[Site "Daventry, ENG"]
[Date "2024.05.05"]
[EventDate "2024.05.05"]
[Round "10.17"]
[White "Gasanov, Eldar"]
[WhiteTitle "GM"]
[WhiteElo "2527"]
[WhiteTeam "Wood Green"]
[Black "Jaracz, Pawel"]
[BlackTitle "GM"]
[BlackElo "2472"]
[BlackTeam "Manx Liberty"]
[Result "1/2-1/2"]

1. d4 Nf6 2. c4 e6 3. Nf3 b6 4. Nc3 Bb4 5. Qb3 c5 6. Bg5 Bb7 7. e3 Nc6 8. a3
Na5 9. Qc2 Be4 10. Bd3 Bxd3 11. Qxd3 Bxc3+ 12. bxc3 h6 13. Bh4 Rc8 14. Nd2 cxd4
15. cxd4 d5 16. cxd5 exd5 17. Qf5 Qd7 18. Qe5+ Qe6 19. Bxf6 gxf6 20. Qf4 Rg8
21. g3 Rc2 22. Rd1 Rg4 23. Qb8+ Rc8 24. Qxa7 Rxd4 25. O-O Rd3 26. Nf3 Rxd1 27.
Rxd1 Qg4 28. Rxd5 Nc6 29. Qb7 Nd8 30. Rxd8+ Rxd8 31. Qc6+ Ke7 32. Nd4 Rxd4 33.
exd4 Qxd4 34. a4 Kf8 35. h4 Kg7 36. Kg2 f5 1/2-1/2

[Event "4NCL Division One"]
[Site "Daventry, ENG"]
[Date "2024.05.05"]
[EventDate "2024.05.05"]
[Round "10.18"]
[White "Terbe, Julianna"]
[WhiteTitle "WIM"]
[WhiteElo "2274"]
[WhiteTeam "Manx Liberty"]
[Black "Toma, Katarzyna"]
[BlackTitle "WGM"]
[BlackElo "2365"]
[BlackTeam "Wood Green"]
[Result "1/2-1/2"]

1. d4 Nf6 2. Nf3 e6 3. Bf4 d5 4. e3 Bd6 5. Nbd2 b6 6. c3 O-O 7. Ne5 c5 8. Qf3
Qc7 9. h4 Ba6 10. Bxa6 Nxa6 11. h5 cxd4 12. exd4 Ne8 13. Nd3 Rc8 14. O-O Nb8
15. Rae1 Nd7 16. Re3 a5 17. Qg4 Ndf6 18. Qh4 Bxf4 19. Nxf4 h6 20. Nd3 Nd6 21.
g4 Qd8 22. f4 Nfe4 23. Qxd8 Rfxd8 24. Nxe4 Nxe4 25. f5 b5 26. a3 1/2-1/2

[Event "4NCL Division One"]
[Site "Daventry, ENG"]
[Date "2024.05.05"]
[EventDate "2024.05.05"]
[Round "10.21"]
[White "Pein, Malcolm"]
[WhiteTitle "IM"]
[WhiteElo "2334"]
[WhiteTeam "Celtic Tigers 1"]
[Black "Jones, Gawain C B"]
[BlackTitle "GM"]
[BlackElo "2620"]
[BlackTeam "Chessable White Rose 1"]
[Result "0-1"]

1. d4 d5 2. c4 e6 3. Nf3 a6 4. Bg5 Be7 5. Bxe7 Nxe7 6. Nbd2 Nd7 7. g3 b6 8. Bg2
Bb7 9. O-O O-O 10. cxd5 exd5 11. Rc1 Rc8 12. Qb3 c5 13. dxc5 Nxc5 14. Qa3 Nc6
15. Nb3 Ne6 16. Rcd1 Qf6 17. e3 a5 18. Rd2 Nb4 19. Nfd4 Ng5 20. Qa4 Ba6 21.
Rfd1 Rc4 22. Qd7 Bc8 23. Qb5 Qd8 24. Ne6 Nxe6 25. Rxd5 Nxd5 0-1

[Event "4NCL Division One"]
[Site "Daventry, ENG"]
[Date "2024.05.05"]
[EventDate "2024.05.05"]
[Round "10.22"]
[White "Rowson, Jonathan"]
[WhiteTitle "GM"]
[WhiteElo "2527"]
[WhiteTeam "Chessable White Rose 1"]
[Black "Horton, Jamie A"]
[BlackElo "2255"]
[BlackTeam "Celtic Tigers 1"]
[Result "1-0"]

1. d4 d5 2. c4 e6 3. Nc3 a6 4. g4 dxc4 5. Bg2 Be7 6. Nf3 Nf6 7. g5 Nd5 8. h4 b5
9. h5 Bb7 10. a4 Nxc3 11. bxc3 Nd7 12. axb5 axb5 13. Rb1 Bc6 14. Qc2 Ra5 15. e4
Bb7 16. Be3 Qa8 17. Nd2 c5 18. O-O O-O 19. g6 cxd4 20. cxd4 f5 21. Bh3 Nf6 22.
exf5 exf5 23. Bg5 Bd6 24. Bxf5 Nxh5 25. Rfe1 b4 26. Be6+ Kh8 27. Be3 c3 28. Nc4
Ra2 29. Qb3 Be7 30. Nb6 Qa5 31. Qxa2 Qxb6 32. d5 Qc7 33. Qa4 Nf4 34. Rxb4 Nxd5
35. Rxb7 Qxb7 36. Qe4 Qb4 37. Bxd5 Qxe4 38. Bxe4 hxg6 39. Kg2 Rd8 40. Bb6 Rd7
41. Bxg6 Rd6 42. Bc2 Rxb6 43. Rxe7 g6 44. Rc7 Kg8 45. Rxc3 Kg7 46. Be4 Re6 47.
f3 Re5 48. Kg3 g5 49. Kg4 Kf7 50. Rc7+ Kf6 51. Rc6+ Kf7 52. Bf5 Re3 53. Be4 1-0

[Event "4NCL Division One"]
[Site "Daventry, ENG"]
[Date "2024.05.05"]
[EventDate "2024.05.05"]
[Round "10.23"]
[White "Gallana, Marco"]
[WhiteElo "2326"]
[WhiteTeam "Celtic Tigers 1"]
[Black "Alsina Leal, Daniel"]
[BlackTitle "GM"]
[BlackElo "2497"]
[BlackTeam "Chessable White Rose 1"]
[Result "1/2-1/2"]

1. d4 Nf6 2. c4 e6 3. Nc3 Bb4 4. a3 Bxc3+ 5. bxc3 Nc6 6. f3 b6 7. e4 Na5 8. Bd3
Ba6 9. Qe2 c5 10. d5 exd5 11. cxd5 Bxd3 12. Qxd3 c4 13. Qc2 Nb3 14. Ra2 Nc5 15.
Nh3 Nd3+ 16. Kf1 O-O 17. Nf2 Nxc1 18. Qxc1 d6 19. g4 Nd7 20. Kg2 Rc8 21. Qe3
Re8 22. Qd4 Ne5 23. Rf1 Qh4 24. Nh1 Nd3 25. Ng3 g6 26. Kh1 Nf4 27. Rg1 Re5 28.
a4 Nh3 29. Rf1 Nf4 30. Rg1 Qe7 31. Qd2 Qf6 32. Nf5 Nd3 33. Qh6 Rd8 34. Rg3 Rxf5
35. gxf5 Qxc3 36. fxg6 fxg6 37. Rag2 Ne5 38. h4 Rf8 39. h5 Rf6 40. hxg6 Rxg6
41. Kh2 Rxg3 42. Rxg3+ Ng6 43. Qg5 Kf7 44. Qf5+ Qf6 45. Rh3 Qxf5 46. exf5 Ne7
47. Rxh7+ Kf6 48. Rh6+ Kxf5 49. Rxd6 c3 50. Rd7 c2 51. Rc7 Nxd5 52. Rxc2 Kf4
53. Rd2 Ne3 54. Rd7 Kxf3 55. Rxa7 1/2-1/2

[Event "4NCL Division One"]
[Site "Daventry, ENG"]
[Date "2024.05.05"]
[EventDate "2024.05.05"]
[Round "10.24"]
[White "Camacho Collados, Jose"]
[WhiteTitle "IM"]
[WhiteElo "2374"]
[WhiteTeam "Chessable White Rose 1"]
[Black "Pein, Jonathan"]
[BlackTitle "FM"]
[BlackElo "2308"]
[BlackTeam "Celtic Tigers 1"]
[Result "0-1"]

1. d4 Nf6 2. Nf3 b6 3. Bg5 Bb7 4. Nbd2 e6 5. c3 Be7 6. e3 h6 7. Bh4 c5 8. Bd3
g5 9. Bg3 g4 10. Nh4 Rg8 11. Qc2 cxd4 12. exd4 Nd5 13. Ng6 fxg6 14. Bxg6+ Kf8
15. h3 Bh4 16. Bd6+ Be7 17. Bg3 Nb4 18. cxb4 Bxg2 19. Be4 Bxh1 20. Bxh1 Nc6 21.
Qh7 Rg7 22. Qh8+ Kf7 23. Qxh6 Bxb4 24. d5 Nd4 25. Be5 Nf5 26. Qh5+ Rg6 27. hxg4
Ng7 28. Qh3 Qg5 29. Bc3 Bxc3 30. Qxc3 Qxg4 31. Bf3 Qf4 32. O-O-O Rf8 33. Kb1
Kg8 34. Rh1 Rh6 35. Rg1 e5 36. a3 Rh2 37. d6 Kh8 38. Rg4 Qf5+ 39. Ka1 Rh3 40.
Rg1 Rxf3 41. Nxf3 Qxf3 42. Qxe5 Qf6 43. Qd5 Qe6 44. Qg5 Qf6 45. Qd5 Nf5 46.
Rh1+ Nh6 47. Qd2 Kg7 48. Rg1+ Kh7 49. Qd3+ Qf5 50. Qd4 Rf6 51. Re1 Re6 52. Rc1
Qf6 53. Qd3+ Qg6 54. Qa6 Rxd6 55. Qxa7 Qf6 56. Qc7 Rd2 57. Rc3 Qxf2 58. Rb3
Qf1+ 59. Ka2 b5 60. Qc5 Qf7 61. Qxb5 Nf5 62. Qf1 Qd5 63. Qf3 Qxf3 64. Rxf3 Kg6
65. a4 Kf6 66. a5 Ke6 67. a6 Rc2 68. Rc3 Rh2 69. Rc8 Rh4 70. b3 Rh2+ 71. Kb1
Rh1+ 72. Kb2 Rh2+ 73. Kb1 Rh1+ 74. Kb2 Rh2+ 75. Ka3 Rh1 76. Ra8 Nd4 77. a7 Kd6
78. Kb4 Ra1 79. Kc4 Nc6 80. b4 Rxa7 81. Rh8 Ra4 82. Rh6+ Kc7 83. Kc5 Ra1 84. b5
Rc1+ 85. Kd5 Ne7+ 86. Ke4 Nc8 87. Kd5 Nb6+ 88. Kd4 Rc4+ 89. Kd3 Rc5 90. Rh1
Rxb5 91. Rc1+ Kd6 92. Kd4 Rb4+ 93. Kd3 Nd5 94. Ra1 Rh4 95. Ra7 Nb4+ 96. Ke3 Nc6
97. Ra8 Kd5 98. Ra1 Ke5 99. Rg1 Rh3+ 100. Kd2 d5 101. Rg5+ Kd4 102. Rg4+ Kc5
103. Rg8 Ne5 104. Rf8 d4 105. Rd8 Rh2+ 106. Kd1 Kc4 107. Ra8 Kd3 108. Ra3+ Ke4
109. Rg3 Nf3 110. Kc1 Rh1+ 111. Kb2 d3 112. Rg8 d2 0-1

[Event "4NCL Division One"]
[Site "Daventry, ENG"]
[Date "2024.05.05"]
[EventDate "2024.05.05"]
[Round "10.31"]
[White "Royal, Shreyas"]
[WhiteTitle "IM"]
[WhiteElo "2455"]
[WhiteTeam "Wood Green Youth"]
[Black "Williams, Simon K"]
[BlackTitle "GM"]
[BlackElo "2467"]
[BlackTeam "Cheddleton"]
[Result "1-0"]

1. d4 e6 2. c4 b6 3. Nf3 Bb7 4. g3 g6 5. Bg5 f6 6. Bd2 e5 7. dxe5 fxe5 8. Bg2
Bg7 9. Nc3 Nf6 10. O-O d6 11. Nd5 c6 12. Nxf6+ Qxf6 13. Bb4 Na6 14. Qxd6 Nxb4
15. Qxb4 c5 16. Qa4+ Bc6 17. Qc2 e4 18. Nd2 O-O-O 19. Nxe4 Qxb2 20. Qxb2 Bxb2
21. Rab1 Bg7 22. Rfd1 Ba4 23. Rxd8+ Kxd8 24. Ng5 Ke7 25. Bd5 Bd7 26. Rb3 Bd4
27. Rf3 Be8 28. Ra3 a5 29. Rb3 b5 30. cxb5 a4 31. Rb1 Bd7 32. Ne4 Rb8 33. e3
Bg7 34. b6 Bf5 35. b7 c4 36. Rb4 c3 37. Rc4 Kd7 38. Nxc3 Bd3 39. Rc8 Rxc8 40.
Be6+ Kc7 1-0

[Event "4NCL Division One"]
[Site "Daventry, ENG"]
[Date "2024.05.05"]
[EventDate "2024.05.05"]
[Round "10.33"]
[White "Durak, Can"]
[WhiteTitle "FM"]
[WhiteElo "2446"]
[WhiteTeam "Wood Green Youth"]
[Black "Pert, Richard G"]
[BlackTitle "IM"]
[BlackElo "2411"]
[BlackTeam "Cheddleton"]
[Result "1-0"]

1. Nf3 d5 2. g3 g6 3. c4 dxc4 4. Na3 Bg7 5. Nxc4 Nf6 6. d4 O-O 7. Bg2 a5 8. Bg5
Be6 9. Nce5 c6 10. O-O Nbd7 11. Nd3 Bd5 12. Bxf6 Nxf6 13. e3 Qb6 14. Qc2 Be4
15. Nfe5 Bxg2 16. Kxg2 Rfd8 17. Rfc1 Nd7 18. Nxd7 Rxd7 19. f4 Rdd8 20. Nc5 Qc7
21. Rab1 b6 22. Na4 c5 23. Qe4 Rac8 24. b4 axb4 25. Rxb4 Qa7 26. Nxb6 cxb4 27.
Nxc8 Qxa2+ 28. Rc2 Qb1 29. Nxe7+ Kh8 30. Qc6 b3 31. Re2 h5 32. Qb7 Bf6 33. Nc6
Qe4+ 34. Kf2 Rf8 35. Qb4 Kg7 36. Na5 Qh1 37. Qe1 Qxh2+ 38. Kf3 Qh3 39. Nxb3 h4
40. Nd2 hxg3 41. Qxg3 Qh5+ 42. Qg4 Qh1+ 43. Qg2 Qh5+ 44. Kf2 Rc8 45. Nf1 Rc1
46. Kg1 Qb5 47. Rd2 Bd8 48. Rc2 Ra1 49. Qh3 Qd3 50. Rf2 Bf6 51. f5 g5 52. Kh2
Re1 53. Qf3 Kf8 54. Kg2 Ra1 55. Qc6 Kg7 56. Ng3 Qd1 57. Qf3 Qg1+ 58. Kh3 Kf8
59. Rc2 g4+ 60. Kxg4 Ra3 61. Rc8+ Kg7 62. Kf4 Qh2 63. Qg4+ Kh6 64. Rc6 Qf2+ 65.
Qf3 1-0

[Event "4NCL Division One"]
[Site "Daventry, ENG"]
[Date "2024.05.05"]
[EventDate "2024.05.05"]
[Round "10.34"]
[White "Boswell, Jacob Connor"]
[WhiteElo "2331"]
[WhiteTeam "Cheddleton"]
[Black "Willow, Jonah B"]
[BlackTitle "IM"]
[BlackElo "2450"]
[BlackTeam "Wood Green Youth"]
[Result "0-1"]

1. d4 Nf6 2. c4 g6 3. Nf3 Bg7 4. g3 O-O 5. Bg2 d6 6. O-O Nc6 7. Nc3 Bf5 8. d5
Na5 9. Nd4 Bd7 10. Qd3 c5 11. Nc2 a6 12. b3 Rb8 13. Bg5 b5 14. h3 Be8 15. Bd2
Nd7 16. f4 Nb6 17. cxb5 axb5 18. Rae1 b4 19. Nd1 c4 20. bxc4 Nbxc4 21. Kh2 Nxd2
22. Qxd2 Qb6 23. Rf3 Ba4 24. Nce3 Rfc8 25. Ref1 Qd4 26. Qe1 Rc1 27. f5 Nc4 28.
Rf4 Qxe3 29. Nxe3 Rxe1 30. Nxc4 Rxe2 31. R1f2 Rxf2 32. Rxf2 Rc8 33. Na5 Rc2 34.
Rxc2 Bxc2 35. fxg6 hxg6 36. Bf1 Bc3 37. Bc4 Kg7 38. Kg2 Kf6 39. Bb3 Bxb3 40.
axb3 Ke5 41. Nc6+ Kxd5 42. Nxe7+ Ke6 43. Nc6 Kd7 44. Na5 d5 0-1

[Event "4NCL Division One"]
[Site "Daventry, ENG"]
[Date "2024.05.05"]
[EventDate "2024.05.05"]
[Round "10.35"]
[White "Czopor, Maciej"]
[WhiteTitle "FM"]
[WhiteElo "2363"]
[WhiteTeam "Wood Green Youth"]
[Black "Eggleston, David J"]
[BlackTitle "IM"]
[BlackElo "2388"]
[BlackTeam "Cheddleton"]
[Result "1/2-1/2"]

1. e4 c5 2. Nf3 d6 3. d4 Nf6 4. Nc3 cxd4 5. Nxd4 a6 6. Be2 e5 7. Nb3 Be7 8. Be3
Be6 9. Nd5 Nbd7 10. Qd3 O-O 11. O-O b5 12. a4 Bxd5 13. exd5 b4 14. a5 Qc7 15.
Rfd1 Rfc8 16. Rac1 Bf8 17. g4 Qb7 18. g5 Ne8 19. Bg4 Rd8 20. h4 g6 21. h5 Nc5
22. Qc4 Ng7 23. hxg6 hxg6 24. Nxc5 dxc5 25. Qe4 Qc7 26. d6 Bxd6 27. Rd5 Bf8 28.
Qxe5 Qxa5 29. Bd7 Nh5 30. Rcd1 Bg7 31. Qe4 Bf8 32. Bc6 Rac8 33. Rd7 Rxd7 34.
Rxd7 Rc7 35. Qd5 Rxd7 36. Qxd7 Qa1+ 37. Kg2 Qxb2 38. Bd5 Qg7 39. Qe8 a5 40. Kf3
Kh7 41. Bxf7 Bd6 42. Kg4 a4 43. f4 Bxf4 44. Bxf4 Nxf4 45. Kxf4 Qd4+ 46. Kf3
1/2-1/2

[Event "4NCL Division One"]
[Site "Daventry, ENG"]
[Date "2024.05.05"]
[EventDate "2024.05.05"]
[Round "10.36"]
[White "Kirk, Ezra"]
[WhiteTitle "IM"]
[WhiteElo "2402"]
[WhiteTeam "Cheddleton"]
[Black "O'Donnell, Conor"]
[BlackTitle "FM"]
[BlackElo "2362"]
[BlackTeam "Wood Green Youth"]
[Result "1-0"]

1. d4 d5 2. c4 dxc4 3. e3 Nf6 4. Nf3 e6 5. Bxc4 a6 6. O-O c5 7. Bb3 b5 8. Qe2
Bb7 9. a4 Nbd7 10. Nbd2 Qb6 11. axb5 axb5 12. Rxa8+ Bxa8 13. Bc2 Be7 14. dxc5
Bxc5 15. e4 e5 16. Nb3 O-O 17. Nxc5 Qxc5 18. Bd3 Rc8 19. Bd2 Qe7 20. Rd1 Nf8
21. Bxb5 Nxe4 22. Be1 Ng6 23. Rd7 Qf6 24. Bc4 Nd6 25. Ba2 Bc6 26. Ra7 e4 27.
Nd2 Qxb2 28. Qe3 Ne5 29. Nf1 Nd3 30. Qg3 Rd8 31. Rc7 Qb6 32. Bc3 g6 33. Re7 Qc5
34. Bf6 Ra8 35. Bb3 Ra3 36. Bxf7+ Kf8 37. Be6 Nc1 38. Qh4 Ne2+ 39. Kh1 Nf5 40.
Bg7+ Nxg7 41. Qf6# 1-0

[Event "4NCL Division One"]
[Site "Daventry, ENG"]
[Date "2024.05.05"]
[EventDate "2024.05.05"]
[Round "10.37"]
[White "Jackson, James P"]
[WhiteTitle "IM"]
[WhiteElo "2371"]
[WhiteTeam "Wood Green Youth"]
[Black "Arkell, Keith C"]
[BlackTitle "GM"]
[BlackElo "2362"]
[BlackTeam "Cheddleton"]
[Result "1-0"]

1. c4 c6 2. Nf3 d5 3. g3 Nf6 4. Bg2 Bf5 5. Qb3 Qb6 6. d3 e6 7. Be3 Qxb3 8. axb3
a6 9. Nh4 Bg6 10. O-O Nbd7 11. Nxg6 hxg6 12. Bd2 Rd8 13. b4 Bd6 14. b3 O-O 15.
Na3 Rfe8 16. Nc2 Bc7 17. Rfd1 Bb6 18. Be1 e5 19. e4 dxe4 20. dxe4 Nf8 21. c5
Bc7 22. f3 Ne6 23. Bf2 g5 24. h3 Nh5 25. Bf1 Nd4 26. Nxd4 exd4 27. g4 Nf4 28.
Bxd4 Re7 29. Bf2 Red7 30. Rxd7 Rxd7 31. h4 Be5 32. Rc1 gxh4 33. Bxh4 Rd2 34.
Be1 Rb2 35. Bc3 Bxc3 36. Rxc3 Kh7 37. Bc4 Kg6 38. Kf1 f6 39. Ke1 Kg5 40. Kd1
Kh4 41. Re3 Kg3 42. e5 Ng2 43. Re4 fxe5 44. Rxe5 Rb1+ 45. Kd2 Nh4 46. Kc2 Rh1
47. Re7 g5 48. Rxb7 Nxf3 49. Bxa6 Kxg4 50. Be2 Kg3 51. Bxf3 Kxf3 52. Rf7+ Ke3
53. Rg7 Kd4 54. Rd7+ Ke3 55. Rd6 Rh8 56. Rxc6 Rg8 57. Re6+ Kf2 58. Kd2 g4 59.
Rf6+ Kg1 60. b5 g3 61. b6 g2 62. b7 Rd8+ 63. Kc3 Rg8 64. c6 Kh1 65. Rh6+ Kg1
66. c7 Kf1 67. b8=Q Rg3+ 68. Kb2 g1=Q 69. Qb5+ 1-0

[Event "4NCL Division One"]
[Site "Daventry, ENG"]
[Date "2024.05.05"]
[EventDate "2024.05.05"]
[Round "10.41"]
[White "Chow, Samuel"]
[WhiteTitle "FM"]
[WhiteElo "2350"]
[WhiteTeam "Chessable White Rose 2"]
[Black "Bates, Richard A"]
[BlackTitle "IM"]
[BlackElo "2381"]
[BlackTeam "Blackthorne"]
[Result "1/2-1/2"]

1. d4 Nf6 2. c4 e6 3. Nf3 Bb4+ 4. Bd2 a5 5. a3 Bxd2+ 6. Qxd2 O-O 7. Nc3 d5 8.
cxd5 exd5 9. e3 b6 10. Bd3 Bb7 11. O-O Qe7 12. Rac1 Nbd7 13. Rfe1 Ne4 14. Qc2
Rac8 15. Qb3 Nxc3 16. bxc3 g6 17. a4 Qd6 18. Nd2 c5 19. Qa3 Rfd8 20. Rb1 Qf8
21. Qa2 Qd6 22. Qa3 Qf8 23. Qa2 Qd6 24. Qa3 1/2-1/2

[Event "4NCL Division One"]
[Site "Daventry, ENG"]
[Date "2024.05.05"]
[EventDate "2024.05.05"]
[Round "10.42"]
[White "Ansell, Simon T"]
[WhiteTitle "IM"]
[WhiteElo "2403"]
[WhiteTeam "Blackthorne"]
[Black "Li, Harry"]
[BlackElo "2245"]
[BlackTeam "Chessable White Rose 2"]
[Result "1/2-1/2"]

1. e4 e5 2. Nf3 Nc6 3. Bc4 Nf6 4. d3 Bc5 5. a4 d6 6. c3 a5 7. O-O h6 8. Be3
Bxe3 9. fxe3 O-O 10. Qe1 Be6 11. Nbd2 Bxc4 12. Nxc4 Ne7 13. Nh4 Qd7 14. Qg3 Qg4
15. Qxg4 Nxg4 16. d4 Nf6 17. dxe5 dxe5 18. Nxe5 Nxe4 19. Rad1 Nd6 20. e4 Rad8
21. Rfe1 Rfe8 22. Nhf3 f6 23. Nd3 Nc6 24. e5 fxe5 25. Ndxe5 Nxe5 1/2-1/2

[Event "4NCL Division One"]
[Site "Daventry, ENG"]
[Date "2024.05.05"]
[EventDate "2024.05.05"]
[Round "10.43"]
[White "Arnott, Jonathan W"]
[WhiteTitle "CM"]
[WhiteElo "2265"]
[WhiteTeam "Chessable White Rose 2"]
[Black "Gormally, Daniel W"]
[BlackTitle "GM"]
[BlackElo "2415"]
[BlackTeam "Blackthorne"]
[Result "0-1"]

1. e4 c5 2. Nf3 d6 3. Bb5+ Nd7 4. O-O Ngf6 5. Re1 a6 6. Bf1 g6 7. c3 Bg7 8. d4
cxd4 9. cxd4 O-O 10. Nc3 b5 11. e5 dxe5 12. dxe5 Ng4 13. Qd5 Qb6 14. Be3 Nxe3
15. Rxe3 e6 16. Qxa8 Bb7 17. Qxf8+ Kxf8 18. Rd1 Ke7 19. Red3 Nxe5 20. Nxe5 Bxe5
21. Be2 Bc6 22. b4 Qc7 23. h3 Bh2+ 24. Kh1 Bf4 25. Bf3 Bxf3 26. Rxf3 Qc4 27. a3
Be5 28. Rdd3 h5 29. g3 g5 30. Ne2 Qc2 31. Rfe3 Bc7 32. Kg2 Bb6 33. Nd4 Qc4 34.
Nf5+ Kf8 35. Nd6 Qc6+ 36. Rf3 g4 37. hxg4 hxg4 38. Nxf7 Qxf3+ 39. Rxf3 gxf3+
40. Kxf3 Kxf7 0-1

[Event "4NCL Division One"]
[Site "Daventry, ENG"]
[Date "2024.05.05"]
[EventDate "2024.05.05"]
[Round "10.52"]
[White "Fernandez, Daniel Howard"]
[WhiteTitle "GM"]
[WhiteElo "2528"]
[WhiteTeam "The Sharks 1"]
[Black "Macak, Stefan"]
[BlackTitle "IM"]
[BlackElo "2328"]
[BlackTeam "Barnet Knights A"]
[Result "1/2-1/2"]

1. e4 c5 2. Nf3 d6 3. d4 cxd4 4. Qxd4 Nc6 5. Bb5 Bd7 6. Qd3 g6 7. c4 Bg7 8. Nc3
Nf6 9. O-O O-O 10. h3 a6 11. Ba4 Rc8 12. Bf4 Be6 13. Bxc6 bxc6 14. Rad1 Nd7 15.
b3 Qa5 16. Na4 Nc5 17. Nxc5 Qxc5 18. Be3 Qa3 19. Bd4 a5 20. Bxg7 Kxg7 21. Nd4
Qc5 22. Qe3 Kg8 23. Rfe1 Rfd8 24. h4 a4 25. f3 Qh5 26. Qg5 Qxg5 27. hxg5 c5 28.
Ne2 Ra8 29. Nf4 axb3 30. axb3 Ra3 31. Rd3 Rb8 32. Ree3 Kf8 33. e5 dxe5 34.
Nxe6+ fxe6 35. Kh2 Kf7 36. Kg3 e4 37. fxe4 e5 38. Kg4 Ra2 39. g3 Rb2 40. Rd5
Ke6 41. Rdd3 Rb1 42. Kh3 Rb2 43. Rf3 Re2 44. Rde3 Rb2 45. g4 Ra8 46. Kh4 Ra1
47. Rh3 1/2-1/2

[Event "4NCL Division One"]
[Site "Daventry, ENG"]
[Date "2024.05.05"]
[EventDate "2024.05.05"]
[Round "10.53"]
[White "Rocco, Federico"]
[WhiteElo "2182"]
[WhiteTeam "Barnet Knights A"]
[Black "Ghasi, Ameet K"]
[BlackTitle "IM"]
[BlackElo "2486"]
[BlackTeam "The Sharks 1"]
[Result "0-1"]

1. e4 c6 2. d4 d5 3. e5 c5 4. dxc5 Nc6 5. Nf3 Bg4 6. Bb5 e6 7. h3 Bxf3 8. Qxf3
Qa5+ 9. Nc3 Bxc5 10. Bd2 Qc7 11. O-O Nge7 12. Rfe1 O-O 13. Bxc6 Qxc6 14. Nd1
Rac8 15. c3 b5 16. Qg4 Nf5 17. Ne3 Bxe3 18. Bxe3 a5 19. a3 Qb7 20. Qe2 Rc4 21.
Qd3 Rfc8 22. Rac1 b4 23. cxb4 axb4 24. Bd2 bxa3 25. bxa3 h5 26. Qb1 Qa7 27. Bb4
Ng3 28. Rxc4 Rxc4 29. Qd3 Nf5 30. Qd2 Qc7 31. Qg5 h4 32. Qd2 Rc2 33. Qd3 Qc6
34. Re2 Rc4 35. Re1 d4 36. Rd1 Rc2 37. Ra1 Ne3 0-1

[Event "4NCL Division One"]
[Site "Daventry, ENG"]
[Date "2024.05.05"]
[EventDate "2024.05.05"]
[Round "10.55"]
[White "Badacsonyi, Stanley"]
[WhiteElo "2197"]
[WhiteTeam "Barnet Knights A"]
[Black "Slaby, Jerzy"]
[BlackTitle "IM"]
[BlackElo "2465"]
[BlackTeam "The Sharks 1"]
[Result "0-1"]

1. d4 g6 2. Nc3 d5 3. Bf4 Bg7 4. e3 Nf6 5. h4 h5 6. Nf3 O-O 7. Ne5 c5 8. Qd2
Be6 9. f3 a6 10. Rd1 c4 11. b3 cxb3 12. cxb3 Nbd7 13. b4 a5 14. Na4 axb4 15.
Qxb4 Qa5 16. Qxa5 Rxa5 17. Nc3 Rc8 18. Kd2 Ra3 19. Rc1 Nb6 20. Bd3 Ne8 21. Rc2
Nd6 22. Rb1 Bxe5 23. dxe5 Ndc4+ 24. Ke2 Nd7 25. Bxc4 Rxc4 26. Rb3 Ra8 27. Kd2
d4 28. exd4 Rxd4+ 29. Ke3 Bxb3 30. axb3 Rb4 31. e6 Nf6 0-1

[Event "4NCL Division One"]
[Site "Daventry, ENG"]
[Date "2024.05.05"]
[EventDate "2024.05.05"]
[Round "10.56"]
[White "Garcia Martin, Marta"]
[WhiteTitle "IM"]
[WhiteElo "2420"]
[WhiteTeam "The Sharks 1"]
[Black "Mirzoeva, Elmira"]
[BlackTitle "WGM"]
[BlackElo "2252"]
[BlackTeam "Barnet Knights A"]
[Result "0-1"]

1. e4 c6 2. Nf3 d5 3. Nc3 Nf6 4. e5 Ne4 5. Ne2 Qb6 6. d4 e6 7. Ng3 c5 8. Bd3
Nc6 9. Nxe4 dxe4 10. Bxe4 Nxd4 11. Nxd4 cxd4 12. O-O Bd7 13. Qg4 g6 14. a4 a5
15. Bg5 Bg7 16. Qf4 Bc6 17. Bxc6+ bxc6 18. Ra3 Qc5 19. Re1 Rb8 20. Rf3 Rf8 21.
b3 Rb4 22. Rd3 h6 23. Bf6 Bxf6 24. exf6 Kd7 25. c4 Kc8 26. Re5 Qxc4 27. Rd1
Qxb3 28. Rde1 Rd8 29. Rxa5 Kb7 30. Rc5 d3 31. Qf3 Rd5 32. Rxd5 Qxd5 33. Qd1 d2
34. Re2 Rb2 35. h4 c5 36. Kh2 c4 37. Re3 Qd4 38. a5 c3 0-1